000 00875nam a2200253Ia 4500
003 OSt
005 20221005112420.0
006 a|||||r|||| 00| 0
007 ta
008 221004b |||||||| |||| 00| 0 pan d
020 _c200
024 _a117037
037 _b634, 19/03/2012, H.K. Prakashan
_cTextual
040 _aCRL
_cCRL
_bpan
041 _2pan
_apan
082 _aO153,1:g, P5
100 _aਸੰਧੂ, ਗ਼ਮੀਰਪਾਲ ਕੌਰ
245 0 _aਪਾ ਕਾਵਿ
_b ਸਮੀਖਿਆ ਵਿਹਾਰ
260 _aਚੰਡਿਗੜ
_bਲੋਕਗੀਤ ਪ੍ਰਕਾਨ ਭਾਰਤ
_c2005
300 _a171ਪੰ
_ccm.
650 _aਪੰਜਾਬੀ ਸਾਹਿਤ
942 _hO153,1:g, P5
_cTEXL
_2cc
999 _c1024817
_d1024817